000 00293nam a22001337a 4500
008 181022b xxu||||| |||| 00| 0 eng d
020 _a9780072399653
041 _aeng
080 _210th
_a573
100 _a11
101 _aBIO
245 _aInquiry into Life
_cMader, S.S
942 _2udc
_cBK
999 _c50490
_d50490